Database system concepts (Record no. 489)

000 -LEADER
fixed length control field 00571nam a22002297a 4500
001 - CONTROL NUMBER
control field 489
003 - CONTROL NUMBER IDENTIFIER
control field BD-DhUET
008 - FIXED-LENGTH DATA ELEMENTS--GENERAL INFORMATION
fixed length control field 140722b xxu||||| |||| 00| 0 eng d
020 ## - INTERNATIONAL STANDARD BOOK NUMBER
International Standard Book Number 007124476X
040 ## - CATALOGING SOURCE
Transcribing agency 0
Modifying agency BD-DhUET
082 ## - DEWEY DECIMAL CLASSIFICATION NUMBER
Classification number 005.74
Item number SIL/2006
100 ## - MAIN ENTRY--PERSONAL NAME
Personal name Silberschatz, Abraham
245 ## - TITLE STATEMENT
Title Database system concepts
250 ## - EDITION STATEMENT
Edition statement 5th ed.
260 ## - PUBLICATION, DISTRIBUTION, ETC. (IMPRINT)
Place of publication, distribution, etc. Boston
Name of publisher, distributor, etc. McGraw-Hill
Date of publication, distribution, etc. 2006
300 ## - PHYSICAL DESCRIPTION
Extent xxvi,1142p.
Other physical details ill.
504 ## - BIBLIOGRAPHY, ETC. NOTE
Bibliography, etc Includes bibliographies
650 #0 - SUBJECT ADDED ENTRY--TOPICAL TERM
Topical term or geographic name as entry element Database management
700 ## - ADDED ENTRY--PERSONAL NAME
Personal name Korth, Henry F.
700 ## - ADDED ENTRY--PERSONAL NAME
Personal name Sudarshan, S.
942 ## - ADDED ENTRY ELEMENTS (KOHA)
Koha item type General Book
Holdings
Koha item type Not for loan Koha normalized classification for sorting Koha renewals Date acquired Koha issues (times borrowed) Koha full call number Koha date last seen Source of classification or shelving scheme Copy number Piece designation (barcode) Koha date last borrowed Withdrawn status Shelving location Damaged status Price effective from Sublocation or collection (holding branch) Lost status Location (home branch)
General Book 007_000000000000000_74SIL2006 2014-07-22 007.74/SIL/20062014-07-22 1103320  Circulation section 2014-07-22Central Library, BUET Central Library, BUET
General Book 007_000000000000000_74SIL200622014-07-22 007.74/SIL/20062016-12-24 2103321  Circulation section 2014-07-22Central Library, BUET Central Library, BUET
General Book 005_740000000000000_SIL2006 2014-08-25 005.74 SIL/20062014-08-25 3103322  Circulation section 2014-08-25Central Library, BUET Central Library, BUET
General Book 005_000000000000000_74SIL2006 2014-08-251005.74/SIL/20062021-12-18 41033232021-12-04 Circulation section 2014-08-25Central Library, BUET Central Library, BUET
General Book 005_000000000000000_74SIL2006 2014-08-25 005.74/SIL/20062014-08-25 5103324  Circulation section 2014-08-25Central Library, BUET Central Library, BUET
General Book 005_740000000000000_SIL_2006 2014-08-25 005.74/SIL/20062014-08-25 6103325  Circulation section 2014-08-25Central Library, BUET Central Library, BUET
General Book 005_740000000000000_SIL_2006 2014-08-251005.74/SIL/20062017-07-16 71033262017-07-01 Circulation section 2014-08-25Central Library, BUET Central Library, BUET
General Book 005_000000000000000_74SIL2006 2014-08-25 005.74/SIL/20062014-08-25 8103327  Circulation section 2014-08-25Central Library, BUET Central Library, BUET
General Book 005_000000000000000_74SIL2006 2014-08-25 005.74/SIL/20062014-08-25 9103328  Circulation section 2014-08-25Central Library, BUET Central Library, BUET
General Book 005_000000000000000_74SIL2006 2014-08-25 005.74/SIL/20062014-08-25 10103329  Circulation section 2014-08-25Central Library, BUET Central Library, BUET
Reading Item 005_740000000000000_SIL_2006 2015-06-09 005.74/SIL/20062015-06-09 11102172  Reading section 2015-06-09Central Library, BUET Central Library, BUET
Reading Item 005_740000000000000_SIL_2006 2015-06-09 005.74/SIL/20062015-06-09 12102554  Reading section 2015-06-09Central Library, BUET Central Library, BUET